जनसंख्या भूगोल / (Record no. 118805)
[ view plain ]
| 000 -LEADER | |
|---|---|
| fixed length control field | 01111nam a22002657a 4500 |
| 005 - DATE AND TIME OF LATEST TRANSACTION | |
| control field | 20170124103121.0 |
| 010 ## - LIBRARY OF CONGRESS CONTROL NUMBER | |
| LC control number | B-034003 |
| 020 ## - INTERNATIONAL STANDARD BOOK NUMBER | |
| Terms of availability | 00.00 |
| International Standard Book Number | 8174871985 |
| 035 ## - SYSTEM CONTROL NUMBER | |
| System control number | B-034003 |
| 037 ## - SOURCE OF ACQUISITION | |
| Source of stock number/acquisition | Cen Lib/Ret |
| 040 ## - CATALOGING SOURCE | |
| Original cataloging agency | DPL |
| Language of cataloging | HN |
| 082 ## - DEWEY DECIMAL CLASSIFICATION NUMBER | |
| Classification number | 304.6 |
| Item number | हीराला |
| 100 ## - MAIN ENTRY--PERSONAL NAME | |
| Personal name | हीरालाल |
| 9 (RLIN) | 113990 |
| 245 ## - TITLE STATEMENT | |
| Title | जनसंख्या भूगोल / |
| Statement of responsibility, etc | हीरालाल |
| 246 ## - VARYING FORM OF TITLE | |
| Title proper/short title | Jansankhya bhugol / |
| Remainder of title | by Hiralal |
| 260 ## - PUBLICATION, DISTRIBUTION, ETC. (IMPRINT) | |
| Place of publication, distribution, etc | नई दिल्ली |
| Name of publisher, distributor, etc | राधा पब्लिकेशन्स |
| Date of publication, distribution, etc | 2000 |
| 270 ## - ADDRESS | |
| Address | 4378/4B, अंसारी रोड, दरियागंज |
| City | नई दिल्ली |
| Postal code | 110002 |
| 300 ## - PHYSICAL DESCRIPTION | |
| Extent | xi,372पृ. |
| Dimensions | 20सेमी(सजिल्द) |
| 500 ## - GENERAL NOTE | |
| General note | संदर्भ शामिल |
| 650 ## - SUBJECT ADDED ENTRY--TOPICAL TERM | |
| Topical term or geographic name as entry element | जनसंख्या वृध्दि |
| 9 (RLIN) | 1483 |
| 650 ## - SUBJECT ADDED ENTRY--TOPICAL TERM | |
| Topical term or geographic name as entry element | जनसंख्या -- वितरण एवं घनत्व |
| 9 (RLIN) | 113991 |
| 650 ## - SUBJECT ADDED ENTRY--TOPICAL TERM | |
| Topical term or geographic name as entry element | Population growth |
| 9 (RLIN) | 15363 |
| 650 ## - SUBJECT ADDED ENTRY--TOPICAL TERM | |
| Topical term or geographic name as entry element | Population - distribution and density |
| 9 (RLIN) | 81987 |
| 942 ## - ADDED ENTRY ELEMENTS (KOHA) | |
| Source of classification or shelving scheme | Dewey Decimal Classification |
| Koha item type | Hindi Books |
| Classification part | 304.6 |
| Call number suffix | हीराला |
| Withdrawn status | Lost status | Damaged status | Not for loan | Home library | Current library | Date acquired | Source of acquisition | Cost, normal purchase price | Total Checkouts | Full call number | Barcode | Date last seen | Copy number | Cost, replacement price | Price effective from | Koha item type |
|---|---|---|---|---|---|---|---|---|---|---|---|---|---|---|---|---|
| Central Library | Central Library | 14/09/2015 | Cen Lib/Ret | 0.00 | 304.6 हीराला | B-034003 | 14/09/2015 | 1 | 0.00 | 14/09/2015 | Hindi Books |
